[Event "28th WSCC Open 65 2018"]
[Site "Bled"]
[Date "2018.11.21"]
[Round "4"]
[White "Norman, Kenneth I"]
[Black "Shirazi, Kamran"]
[Result "1-0"]
[WhiteElo "2099"]
[BlackElo "2333"]
[Annotator "TA"]
[PlyCount "113"]
[EventDate "2018.11.17"]
[EventType "swiss"]
[EventCountry "SLO"]
[SourceTitle "playchess.com"]
[Source "ChessBase"]
[SourceQuality "1"]

{[%evp 9,113,77,84,73,80,82,87,79,87,82,71,86,130,81,82,74,91,74,169,77,123,130,118,100,91,102,194,204,201,137,427,420,433,433,529,456,742,739,2066,2037,29995,29996,29996,1276,1212,1191,1394,1388,1567,1274,1205,1196,1342,844,848,833,1036,1043,970,784,794,789,869,863,946,933,991,927,1181,1149,1181,1165,29980,29981,29981,29982,29980,29980,29989,29990,29994,29981,29990,29989,29991,29984,29978,0,29991,29992,29992,29993,29994,29994,29995,29996,29997,29998,29999,29990,29990,29991,29994,29995,29995,29996]} 1. Nf3 d5 2. d4 Bg4 3. Ne5 Bf5 4. c4 dxc4 (4... f6 5. Nf3 e6 6. Nc3 c6 7. g3 Bb4 8. Qb3 a5 9. a3 Bxc3+ 10. bxc3 Ne7 11. Bg2 Nd7 12. O-O a4 13. Qa2 {1-0 (74) Eljanov,P (2753)-Rapport,R (2693) Reykjavik 2015 CBM 170 [Krasenkow,M]}) 5. Nc3 Nd7 6. Nxc4 {D02: 1 d4 d5 2 Nf3 sidelines, including 2...Nf6 3 g3 and 2...Nf6 3 Bf4} Ngf6 7. f3 e6 8. e4 {White is better.} Bg6 9. Be2 a6 $146 ({Predecessor:} 9... Be7 10. O-O O-O 11. Be3 Re8 12. Qb3 {1-0 (28) Law,A (2287)-McMichael,R (2261) Birmingham 2001}) 10. a4 c5 11. dxc5 Nxc5 12. Qxd8+ Rxd8 13. Be3 Nfd7 {[#]} (13... Be7 $16 {might work better.}) 14. Rd1 (14. b4 $1 $18) 14... f5 {[%cal Rf5e4]} 15. exf5 Bxf5 16. Kf2 Nb3 17. Bd3 Bb4 (17... Bxd3 $16 {was worth a try.} 18. Rxd3 Bc5) 18. Bxf5 $18 exf5 19. Nd5 Na5 $2 {[%mdl 8192]} (19... Bc5 $16) 20. Nxa5 (20. Nxb4 Nxc4 21. Bg5 Nf6 $16) 20... Bxa5 21. b4 f4 22. Bd4 ({Less strong is} 22. bxa5 fxe3+ 23. Nxe3 Nc5 $16) 22... Nb8 (22... Bxb4 $142 23. Nxb4 Kf7) 23. Rhe1+ ({Weaker is} 23. bxa5 Rxd5 24. Bxg7 Rxd1 $18) 23... Kf7 24. Re7+ Kg6 25. Nxf4+ Kf5 26. Re5+ (26. Rf7+ $142 Kg5 {[#]} 27. h4+ $1 {[%mdl 512]} Kxh4 28. Rh1+ Kg5 29. Rh5#) 26... Kf6 27. Rxa5+ Kf7 28. Rf5+ Kg8 29. Bc5 {[%cal Rd1d8]} Rc8 30. Nd5 {[%cal Rd5e7]} Nc6 31. Ne7+ Nxe7 32. Bxe7 g6 33. Rc5 Kf7 34. Rxc8 Rxc8 {[%mdl 4096] Endgame KRB-KR} 35. Bc5 Rc7 36. a5 g5 37. Rd6 Kg7 38. g3 h6 39. Re6 Rc8 40. f4 g4 41. Ke3 Rd8 42. f5 Rd1 43. Kf4 h5 44. Kg5 h4 45. Kxg4 Rf1 46. gxh4 Rh1 47. Re7+ Kf6 48. Re6+ $2 (48. Rxb7 {mates} Ke5 49. Re7+ Kf6 50. Re6+ Kf7 51. Rxa6 Rd1 52. Ra7+ Kf6 53. a6) 48... Kf7 $2 {[%mdl 8192]} (48... Kg7 $11 49. Re7+ Kf6 50. Rxb7 Ke5) 49. Kg5 {White mates.} Rxh2 50. Re7+ Kg8 51. f6 Rg2+ 52. Kh6 Rg4 53. f7+ Kf8 54. Re4+ Kxf7 55. Rxg4 b5 56. axb6 {[%cal Ba5b6,Bb6b7][%mdl 32]} Kf6 57. b7 {Precision: White = 66%, Black = 20%.} 1-0

[Event "28th WSCC Open 65 2018"]
[Site "Bled"]
[Date "2018.11.21"]
[Round "4"]
[White "Padilla, Brayan David"]
[Black "Pushkov, Nikolai"]
[Result "1/2-1/2"]
[WhiteElo "1948"]
[BlackElo "2324"]
[Annotator "TA"]
[PlyCount "95"]
[EventDate "2018.11.17"]
[EventType "swiss"]
[EventCountry "SLO"]
[SourceTitle "playchess.com"]
[Source "ChessBase"]
[SourceQuality "1"]

{[%evp 18,95,-2,-3,0,-35,-34,-36,-29,-36,-17,-47,-23,-74,-64,-90,-68,-108,-117,-88,-86,-102,-100,-93,-81,-108,-83,-83,-83,-73,-69,-69,-66,-82,-56,-62,-54,-79,-61,-105,-105,-105,-96,-125,-120,-137,-76,-77,0,-125,-102,-142,-142,-144,-114,-128,-114,-116,-111,-109,-104,-435,-420,-356,-338,-698,-579,-491,-427,-610,-589,-1074,-792,-1445,-1370,-992,-1461,-1144,-1118,-888]} 1. e4 e6 2. d4 d5 3. Nc3 Nf6 4. Bg5 dxe4 5. Nxe4 Be7 6. Bxf6 gxf6 7. Nf3 a6 8. Bd3 f5 {C13: French: Classical System: 4 Bg5 Be7, Alekhine-Chatard Attack} 9. Ng3 c5 10. dxc5 {LiveBook: 5 Games} Qa5+ {The position is equal.} 11. Qd2 $146 (11. c3 {looks sharper.} Qxc5 12. Nh5 Rg8 13. O-O Bd7 14. Re1) ({Predecessor:} 11. c3 Qxc5 12. Qd2 Nc6 13. O-O-O h5 14. h4 b5 15. Kb1 b4 16. Rc1 {0-1 (37) Stefansson,H (2584)-Morozevich,A (2758) Reykjavik 1999}) 11... Qxd2+ 12. Nxd2 Bxc5 13. O-O Nc6 14. Nb3 Bb6 15. c4 (15. Rfe1 $11 {keeps the balance.}) 15... Bd7 $17 16. Rac1 O-O-O 17. Rfd1 Nb4 18. Bb1 Ba4 19. Ne2 Bxb3 20. axb3 Bc5 21. Nf4 Rd4 22. Rxd4 Bxd4 23. Nd3 Nxd3 24. Bxd3 Bxb2 {[%mdl 4096] Endgame KRB-KRB} 25. Rd1 Rd8 26. Bc2 Bd4 27. Kf1 a5 28. Ke2 Kc7 29. Rd3 h6 {[%cal Bh7h6,Bh6h5][%mdl 32]} 30. Bb1 Kc6 31. Rh3 Bg7 (31... Kc5 $142 32. Rd3 Rg8) 32. Rd3 Bd4 33. Rh3 $1 Rh8 34. f4 h5 35. Bc2 h4 36. g3 hxg3 37. Rxh8 Bxh8 38. hxg3 {KB-KB} Kc5 39. Kf3 $2 {[%mdl 8192] [#]} (39. Bd1 $17) 39... Kd4 40. Bd1 b6 41. g4 $2 (41. Ke2 Kc3 42. Ke1) 41... fxg4+ $19 {Black is clearly winning.} 42. Kxg4 Ke3 43. Kg5 (43. Kg3 $142 Kd2 44. Bh5) 43... Bd4 44. f5 Kd2 45. Bh5 f6+ 46. Kf4 e5+ 47. Ke4 Bc5 48. Be8 {[%mdl 32768] Precision: White = 38%, Black = 70%. . An unexpected result.} 1/2-1/2

[Event "28th WSCC Open 65 2018"]
[Site "Bled"]
[Date "2018.11.22"]
[Round "5"]
[White "Sveshnikov, Evgeny"]
[Black "Jansa, Vlastimil"]
[Result "0-1"]
[WhiteElo "2496"]
[BlackElo "2437"]
[Annotator "TA"]
[PlyCount "223"]
[EventDate "2018.11.17"]
[EventType "swiss"]
[EventCountry "SLO"]
[SourceTitle "playchess.com"]
[Source "ChessBase"]
[SourceQuality "1"]

{[%evp 14,223,16,17,19,6,20,0,0,4,28,6,16,4,64,59,77,33,46,18,56,69,73,49,53,48,43,38,93,91,79,89,95,16,36,0,0,-20,0,0,0,0,0,0,0,0,0,0,0,0,0,-201,-91,-91,-90,-96,-89,-83,-88,-93,-92,-93,-95,-90,-78,-78,-29,-137,-125,-165,-165,-160,-155,-202,-222,-274,-204,-256,-264,-381,-381,-379,-372,-299,-264,-289,-275,-345,-295,-507,-494,-462,-435,-527,-519,-430,-489,-563,-378,-1212,-1039,-5073,-5073,-3207,-1919,-29948,-29940,-29949,-29950,-29951,-29953,-29953,-29951,-29953,-29955,-29952,-29956,-29954,-29957,-29958,-29958,-29958,-29959,-29959,-29959,-29957,-29960,-29959,-29962,-29961,-29963,-29964,-29954,-29965,-29966,-29967,-29959,-29965,-29966,-29972,-29965,-29975,-29966,-29978,-29979,-29979,-29980,-29982,-29983,-29983,-29975,-29973,-29974,-29973,-29974,-29975,-29976,-29977,-29976,-29979,-29980,-29985,-29983,-29983,-29984,-29984,-29985,-29986,-29985,-29985,-29985,-29987,-29986,-29986,-29986,-29986,-29985,-29986,-29983,-29983,0,-29986,-29983,-29983,0,-29984,-29985,-29985,-29984,-29988,-29983,-29983,0,-29988,-29987,-29989,-29990,-29990,-29991,-29991,-29989,-29992,-29993,-29994,-29995,-29995,-29991,-29991,-29992,-29992,-29993,-29993]} 1. e4 c5 2. c3 Nf6 3. e5 Nd5 4. d4 cxd4 5. cxd4 e6 6. Nc3 Nxc3 7. bxc3 Qc7 8. Bd2 b6 {B22: Sicilian: 2 c3} 9. f4 Bb7 10. Nf3 Nc6 {The position is equal.} 11. Bd3 Na5 12. f5 exf5 13. Bxf5 Be7 ({Better is} 13... Nc4 $11) 14. O-O $14 h6 $146 ({Predecessor:} 14... Nc4 15. Bf4 O-O 16. Ng5 g6 17. Qg4 d6 18. Qh3 {1-0 (18) Salas Arros,C (2447)-Ruiz,S (2147) Santiago de Chile 2004}) 15. Qe1 Bd5 16. Be4 Qc6 17. Bxd5 Qxd5 18. Nh4 Bxh4 19. Qxh4 Nc4 20. Bc1 Rc8 (20... d6 $14) 21. Qg3 $16 Kf8 {[%cal Be8f8,Bf8g8,Bg8h7,Bh7g7][%mdl 32]} 22. a4 Kg8 23. a5 (23. Bf4 $16) 23... bxa5 24. Ba3 Rc6 25. Bd6 Kh7 {[%cal Rc4d6]} 26. Qd3+ g6 27. Rf6 $1 Nxd6 28. exd6 {And now Rxa5! would win.} Rf8 29. Qg3 Kg7 30. Raf1 a4 31. h4 $1 a3 {aiming for ...a2.} 32. R6f5 $2 {[#]} (32. Qf4 $1 $11 {and White has nothing to worry.} Rcc8 33. h5) 32... Qxd6 (32... Rxc3 $1 $19 {[%mdl 512]} 33. Qxc3 gxf5 34. Qg3+ Kh7) 33. Qxd6 $17 Rxd6 $19 {[%mdl 4096] Endgame KRR-KRR} 34. Ra5 Rc8 35. Rxa3 Rc7 36. Kf2 Rf6+ 37. Ke2 Rxf1 38. Kxf1 $17 {KR-KR} Kf6 $1 39. Ke2 Kf5 (39... a5 $5) 40. Kf3 (40. Kd3 $1 $11) 40... h5 $1 41. Ra5+ Ke6 $1 42. Ra3 {[#]} a5 $1 {[%mdl 512]} 43. Ke4 (43. Rxa5 Rxc3+) 43... d5+ 44. Kd3 Ra7 45. Ra4 Kf5 46. c4 (46. Ke3 $142) 46... dxc4+ $19 47. Kxc4 Ke4 48. Kc3 f6 49. Kd2 Kf4 50. Kd3 Kg3 51. Ra2 $2 (51. Ke4 {is a better defense.} Kxg2 52. d5) 51... Kxh4 52. d5 Kg3 53. Kd4 g5 54. d6 {[#]} f5 $1 {[%cal Bf6f5,Bf5f4][%mdl 32]} 55. Ke5 {[#]} f4 $1 56. Ke6 $2 (56. Rd2 Rd7 57. Ke6) 56... g4 ({And not} 56... f3 57. gxf3 Kxf3 58. d7 $11) 57. d7 {[#]} Rxd7 $3 {[%mdl 512]} 58. Kxd7 {KR-KP} h4 {[%cal Bh5h4,Bh4h3,Bh3h2][%mdl 32]} 59. Ke6 f3 60. gxf3 gxf3 61. Rxa5 {KR-KPP} h3 62. Rg5+ Kf4 63. Rf5+ Kg4 64. Rf8 h2 65. Rg8+ Kf4 66. Rf8+ Ke3 67. Rh8 f2 68. Rh3+ Kd4 69. Rh4+ Kc5 70. Rh5+ Kc6 71. Rxh2 f1=Q {KQ-KR} 72. Rc2+ Kb5 73. Rb2+ Kc4 74. Rc2+ Kd3 75. Rc6 Ke4 76. Kd6 Kd4 77. Kc7 Qb5 78. Rc1 Qa5+ 79. Kb7 Qb4+ 80. Kc8 Kd5 81. Rc7 Qb6 82. Rd7+ Ke6 83. Re7+ Kf6 84. Rc7 Qb5 85. Rc1 Ke6 86. Kc7 Qe5+ 87. Kc8 Qd5 88. Rb1 Kd6 89. Rb6+ Kc5 90. Rb7 Qg8+ 91. Kd7 Qg4+ 92. Kc7 Qf4+ 93. Kd7 Qf7+ 94. Kc8 Qe8+ 95. Kc7 Kd5 96. Rb6 Kc5 97. Rb7 $1 Qe5+ 98. Kd7 Qd5+ $2 (98... Qf5+ {mates} 99. Kc7 Qf4+ 100. Kd7 Qf7+ 101. Kc8 Qe8+ 102. Kc7) 99. Kc7 $2 {[%mdl 8192]} (99. Kc8 $11 Qf5+ 100. Kb8 Qe4 101. Kc7 Qe7+ 102. Kc8 Qe8+ 103. Kc7) 99... Qc6+ 100. Kb8 Kd6 101. Rg7 Qb6+ 102. Kc8 Qc6+ 103. Kb8 {intending Rg6+.} Qe8+ {Black mates.} 104. Kb7 Qe4+ 105. Kb8 Kc6 106. Rb7 Qe8+ 107. Ka7 Qd8 108. Rb1 Qd4+ 109. Ka8 Qe4 110. Rb7 Qa4+ 111. Kb8 Qa5 112. Rb1 {Accuracy: White = 47%, Black = 72%.} 0-1

[Event "28th WSCC Open 65 2018"]
[Site "Bled"]
[Date "2018.11.22"]
[Round "5"]
[White "Balashov, Yuri S"]
[Black "Rashkovsky, Nukhim N"]
[Result "1/2-1/2"]
[WhiteElo "2445"]
[BlackElo "2482"]
[Annotator "TA"]
[PlyCount "21"]
[EventDate "2018.11.17"]
[EventType "swiss"]
[EventCountry "SLO"]
[SourceTitle "playchess.com"]
[Source "ChessBase"]
[SourceQuality "1"]

{[%evp 17,21,-9,0,-8,-10,-18]} 1. e4 c5 2. Nf3 d6 3. Bb5+ Bd7 4. Bxd7+ Nxd7 5. O-O Ngf6 6. Qe2 e6 7. c4 Ne5 {B52: Sicilian: Moscow Variation with 3...Bd7} (7... Be7 8. d4 cxd4 9. Nxd4 O-O 10. Nc3 a6 11. b3 Rc8 12. Bb2 Qa5 13. Rac1 Bd8 14. Kh1 Bb6 15. Rfd1 Rfd8 16. f4 Ba7 17. Nf3 Ng4 18. Rf1 Be3 19. Rcd1 Bxf4 20. Nd4 Qg5 {½-½ (77) Carlsen,M (2853)-Nakamura,H (2787) chess.com INT 2016}) 8. Nc3 Be7 9. b3 O-O {LiveBook: 4 Games} 10. Bb2 Nfd7 11. Nxe5 $146 ({Predecessor:} 11. Rad1 Nxf3+ 12. Qxf3 Bf6 13. Qg3 Qe7 14. f4 Bd4+ 15. Kh1 {½-½ (51) Perez Garcia,R (2449)-Cifuentes Parada,R (2501) Elgoibar 2003}) 1/2-1/2

[Event "28th WSCC Open 65 2018"]
[Site "Bled"]
[Date "2018.11.22"]
[Round "5"]
[White "Birnboim, Nathan"]
[Black "Vaisser, Anatoli"]
[Result "1-0"]
[WhiteElo "2376"]
[BlackElo "2504"]
[Annotator "TA"]
[PlyCount "153"]
[EventDate "2018.11.17"]
[EventType "swiss"]
[EventCountry "SLO"]
[SourceTitle "playchess.com"]
[Source "ChessBase"]
[SourceQuality "1"]

{[%evp 13,153,45,63,45,43,43,64,66,80,70,84,68,97,22,45,29,40,41,29,32,16,27,27,22,20,27,21,8,0,-11,0,0,122,126,126,122,190,177,542,548,552,518,540,558,535,539,520,497,12825,6889,6683,6587,6587,6370,5310,738,744,691,671,671,1654,717,852,852,785,773,5369,544,699,480,480,449,470,469,830,850,856,854,845,845,825,825,791,777,753,753,733,695,743,726,827,812,29965,29966,29967,29968,29970,29966,29967,29965,29964,29965,29964,29966,29936,29943,29969,29972,29972,29973,29972,29968,29971,29966,29960,29967,29984,29980,29980,29981,29981,29980,29980,29979,29979,29980,29980,29981,29982,29968,29967,29969,29969,29969,29971,29972,29972,29973,29974,29971,29972,29972]} 1. Nf3 e6 2. g3 f5 3. Bg2 Nf6 4. O-O d5 5. c4 Be7 6. b3 O-O 7. Bb2 a5 {LiveBook: 7 Games. A10: English Opening: Unusual Replies for Black} 8. Qc2 $146 ({Predecessor:} 8. Nc3 c6 9. Re1 Nbd7 10. Qc2 Nc5 11. d3 a4 12. b4 a3 13. Bc1 Na6 14. b5 Nc5 15. Be3 {½-½ (40) Petrosyan,M (2549)-Maghsoodloo,P (2575) Moscow 2017}) 8... Nc6 9. cxd5 exd5 {White is slightly better.} 10. a3 Na7 11. Nd4 Qd7 12. b4 Nc6 13. Nxc6 (13. Rc1 $16) 13... bxc6 $11 14. Rc1 Bb7 15. d3 axb4 16. axb4 Rxa1 17. Bxa1 Bxb4 18. Nd2 Qe7 19. Nb3 Nd7 20. Bd4 f4 21. Ra1 fxg3 22. hxg3 Ra8 (22... c5 $11) 23. Rxa8+ $16 Bxa8 24. Qa2 $36 {[%mdl 2048] White is on the roll.} Qf8 (24... Qd8 $16) 25. Bh3 $18 Nb6 $2 (25... c5 {is more resistant.}) 26. Qa7 Bd6 {[#]} 27. Nc5 $1 {[%mdl 512]} Bxc5 28. Be6+ Kh8 29. Bxc5 Qe8 30. Bf5 Qd8 {[#]} (30... d4 $142 31. Bxd4 c5) 31. Be7 $1 {[%mdl 512]} Qe8 (31... Qxe7 32. Qb8+) 32. Qxc7 Na4 33. Bd7 Qg8 34. Qa5 (34. Qe5 $142 h6 35. Qd4 {[%mdl 64] Trapped Piece}) 34... Nb2 35. Qb4 Nd1 36. Qb3 {[%mdl 64] Trapped Piece} Qf7 37. Bc5 (37. Qb8+ $142 Qg8 38. Bc8) 37... Nc3 38. Qb8+ ({Weaker is} 38. Qxc3 Qxd7 39. Qe5 Bb7 $16) 38... Qg8 39. Qe5 Nb5 40. f4 (40. Qe7 $142 Bb7 41. Be6) 40... Bb7 41. f5 {[%cal Bf4f5,Bf5f6][%mdl 32]} Qd8 42. Be6 Qc7 43. d4 {[%cal Bd3d4,Bd4e5][%mdl 32]} h6 (43... Ba6 $142 44. f6 Qxe5 45. dxe5 Nc7) 44. f6 {f7 would kill now.} Qxe5 45. dxe5 gxf6 46. exf6 {[%mdl 4096] Endgame Threatening mate with f7. KBB-KBN} Nc7 47. Bd7 {White threatens f7 and mate.} Kg8 48. Bd6 Kf7 49. Bxc7 Kxf6 50. Bf4 Kg6 51. Be3 Ba6 52. Bxc6 Bxe2 53. Bxd5 {White mates.} Bg4 54. Kg2 Kg7 55. Bb6 Kf6 56. Kf2 Bf5 57. Ke3 Kg5 58. Bd8+ Kg4 59. Bh4 Bc2 60. Be6+ Kh5 61. Kf4 Kg6 62. Ke5 Bd1 63. Kd6 Bc2 64. Ke7 Kg7 65. Bf7 Bd1 66. Bf6+ Kh7 67. Kd6 Be2 68. Ke5 Bd1 69. Kf4 Be2 70. Bc3 Bd1 71. Be6 Kg6 72. Bf5+ Kf7 73. Bd3 Ba4 74. Kg4 Bd1+ 75. Kh4 Bf3 76. Bf5 Kg8 77. g4 {Accuracy: White = 70%, Black = 39%.} 1-0

[Event "28th WSCC Open 65 2018"]
[Site "Bled"]
[Date "2018.11.22"]
[Round "5"]
[White "Berkovich, Mark A"]
[Black "Singer, Hans"]
[Result "*"]
[WhiteElo "2339"]
[BlackElo "2186"]
[Annotator "TA"]
[PlyCount "36"]
[EventDate "2018.11.17"]
[EventType "swiss"]
[EventCountry "SLO"]
[SourceTitle "playchess.com"]
[Source "ChessBase"]
[SourceQuality "1"]

{[%evp 18,22,33,32,53,54,56]} 1. Nf3 d5 2. g3 c5 3. Bg2 Nc6 4. d4 e6 5. O-O Nf6 6. c4 Be7 7. cxd5 exd5 8. dxc5 Bxc5 9. a3 O-O 10. b4 Bb6 {D30: Queen's Gambit Declined: Systems without Nc3} 11. Nc3 h6 {Predecessor:} 12. Bb2 $146 a6 13. Rc1 Re8 14. Qd3 Ba7 15. e3 Bg4 16. Ne2 Bxf3 17. Bxf3 Ne5 18. Bxe5 Rxe5 {0-1 (68) Postny,E (2574)-Manor,I (2453) Israel 2018} *

[Event "28th WSCC Open 65 2018"]
[Site "Bled"]
[Date "2018.11.22"]
[Round "5"]
[White "Berkovich, Mark A"]
[Black "Singer, Hans"]
[Result "1-0"]
[WhiteElo "2339"]
[BlackElo "2186"]
[Annotator "TA"]
[PlyCount "67"]
[EventDate "2018.11.17"]
[EventType "swiss"]
[EventCountry "SLO"]
[SourceTitle "playchess.com"]
[Source "ChessBase"]
[SourceQuality "1"]

{[%evp 25,67,56,58,28,25,17,18,22,37,12,27,20,45,51,54,31,36,29,81,79,77,60,65,30,73,73,71,33,98,89,86,67,66,65,186,179,210,136,195,202,314,314,294,294]} 1. Nf3 d5 2. g3 c5 3. Bg2 Nc6 4. d4 e6 5. O-O Nf6 6. c4 Be7 7. cxd5 exd5 8. dxc5 Bxc5 9. a3 O-O 10. b4 Bb6 11. Nc3 h6 12. Bb2 Be6 13. Na4 {D30: Queen's Gambit Declined: Systems without Nc3} Ne4 {LiveBook: 5 Games} 14. Nxb6 Qxb6 15. Nd4 {White has an edge.} Nxd4 16. Bxd4 Qb5 {[#]} 17. Bb2 $146 ({Predecessor:} 17. Qc2 Nd6 18. Rfd1 Rfd8 19. Qb2 Nf5 20. a4 Qe8 {1-0 (47) Jenni,F (2543)-Knoedler,D (2386) Zuerich 2008}) 17... Qb6 18. Qd3 Rfe8 19. e3 a6 20. Rfd1 Rac8 21. Rac1 f5 (21... Qb5 $11 {remains equal.}) 22. Bd4 $40 {[%mdl 128] Black is in trouble.} Qb5 23. Qxb5 axb5 24. Be5 Bd7 {[#] ...Rxc1 is the strong threat.} 25. Rxc8 Rxc8 26. f3 {[%cal Bf2f3,Bf3f4][%mdl 32]} ({But not} 26. Rxd5 Rc1+ 27. Bf1 Be6 $11) 26... Ng5 (26... Nc3 $14 27. Rd3 Nb1) 27. f4 $16 Ne4 28. Bxe4 ({Much weaker is} 28. Rxd5 $6 Rc1+ 29. Bf1 Be6 $11) 28... fxe4 29. Rxd5 {KRB-KRB} Bc6 ({Black should try} 29... Rc1+ $14 30. Kf2 Bg4) 30. Rd6 $18 Be8 31. Kg2 h5 (31... Rc2+ $16 32. Kh3 g6) 32. Kh3 Kh7 (32... Kf7 {might work better.} 33. Kh4 g6) 33. Kh4 Rc6 34. Rd8 {Accuracy: White = 60%, Black = 24%.} 1-0

[Event "28th WSCC Open 65 2018"]
[Site "Bled"]
[Date "2018.11.22"]
[Round "5"]
[White "Pushkov, Nikolai"]
[Black "Nukin, Tolegen"]
[Result "1/2-1/2"]
[WhiteElo "2324"]
[BlackElo "2171"]
[Annotator "TA"]
[PlyCount "72"]
[EventDate "2018.11.17"]
[EventType "swiss"]
[EventCountry "SLO"]
[SourceTitle "playchess.com"]
[Source "ChessBase"]
[SourceQuality "1"]

{[%evp 21,72,20,21,14,12,5,4,0,0,0,18,22,21,0,17,0,0,-56,-58,-63,-63,-90,-56,-87,0,0,0,-23,0,-20,-14,-12,-7,-35,-21,-30,0,0,-3,-3,0,-43,28,22,21,0,0,0,0,0,0,0,0]} 1. Nf3 Nf6 2. d4 d5 3. c4 e6 4. Nc3 Be7 5. Bg5 h6 6. Bh4 O-O 7. e3 b6 8. Bd3 dxc4 9. Bxc4 Bb7 10. O-O Nbd7 11. Qe2 a6 12. Rfd1 {D58: Queen's Gambit Declined: Tartakower Defence} Nd5 13. Bxd5 $146 (13. Bg3 {looks sharper.} Nxc3 14. bxc3 Bd6 15. Ne5 Bxe5 16. dxe5 Qe7 17. Rd4) ({Predecessor:} 13. Bg3 Nxc3 14. bxc3 Bd6 15. e4 Bxg3 16. hxg3 b5 17. Bd3 Nb6 18. Qe3 Na4 19. Bc2 Nb2 {1-0 (63) Kramnik,V (2784)-Andreikin,D (2716) Tromsoe 2013}) 13... exd5 14. Bg3 Nf6 15. Rac1 c5 16. dxc5 bxc5 17. Ne5 Qb6 18. Nd3 Rac8 19. a3 (19. Be5 $11) 19... Rfe8 $15 20. Na4 Qb5 $1 {[%cal Rb5a4]} 21. Qc2 {[%cal Rd3c5]} d4 {[#] White must now prevent ...c4.} 22. Naxc5 Qc6 ({Black should try} 22... dxe3 $17 {...Ne4 is the strong threat.} 23. a4 Qb6 24. fxe3 Ne4) 23. f3 $36 {[%mdl 2048] White is more active.} dxe3 24. Qe2 Bxc5 25. Rxc5 Qa4 26. Rdc1 Rcd8 27. Be1 Qd4 28. Nb4 Nd5 29. Nxd5 Rxd5 30. Rxd5 Qxd5 31. Bc3 Qb5 (31... Bc6 $15) 32. Qxb5 axb5 {The position is equal.} 33. Re1 Bd5 34. Bd4 e2 35. Kf2 Bc4 36. b3 Bxb3 {Accuracy: White = 37%, Black = 55%.} 1/2-1/2

[Event "28th WSCC Open 65 2018"]
[Site "Bled"]
[Date "2018.11.22"]
[Round "5"]
[White "Buchal, Stephan"]
[Black "Titz, Heimo"]
[Result "1-0"]
[WhiteElo "2288"]
[BlackElo "2161"]
[Annotator "TA"]
[PlyCount "103"]
[EventDate "2018.11.17"]
[EventType "swiss"]
[EventCountry "SLO"]
[SourceTitle "playchess.com"]
[Source "ChessBase"]
[SourceQuality "1"]

{[%evp 19,103,52,53,15,10,20,38,28,38,23,32,36,100,106,127,125,200,203,222,167,264,295,242,240,225,243,662,686,660,623,602,457,418,146,412,419,409,228,259,252,318,274,577,-134,-135,-139,-147,-121,-61,-157,-172,-289,-280,-248,-110,-132,-132,-112,82,87,64,105,354,328,396,64,701,698,680,670,626,611,723,723,720,718,719,685,654,621,743,538,618,629,949,826]} 1. e4 c5 2. Nf3 Nc6 3. Bb5 e6 4. O-O Nge7 5. Re1 a6 6. Bf1 d5 7. exd5 Nxd5 8. d4 cxd4 9. Nxd4 Be7 {B30: Sicilian: 2...Nc6 3 Bb5, lines without ...g6} 10. Nxc6 bxc6 {LiveBook: 6 Games} 11. Nd2 {[%cal Bb1d2,Bd2c4,Bc4e5][%mdl 32]} (11. c4 $5 {[%cal Rc4d5]} Nf6 12. Qxd8+ Bxd8 13. Bf4 $14) 11... O-O {The position is equal.} 12. Nc4 c5 $146 ({Predecessor:} 12... Qc7 13. Qf3 a5 14. a3 f6 15. Bd3 g6 16. h4 e5 17. h5 {1-0 (41) Iordachescu,V (2584)-Djukic,Z (2402) Zlatibor 2007}) 13. Bd2 a5 14. a4 Bb7 15. Ra3 Bc6 ({Black should try} 15... Qc7 $14) 16. Ne5 $16 Qc7 17. Rh3 Nf6 (17... g6 $16 {was called for.}) 18. Bd3 $18 g6 19. Bc3 {Threatens to win with Qd2.} Bd5 (19... c4 {keeps fighting.}) 20. Qd2 Rfd8 {Threatening ...c4.} 21. Qh6 Bf8 22. Qf4 $40 {[%mdl 128] White attacks with force.} Ne8 $2 (22... Bg7 23. Nxg6 Qxf4 24. Nxf4 c4) 23. Qh4 $1 {[%csl Gh3][%cal Rh4h7]} h5 {[#]} 24. Nxg6 $1 {[%mdl 512]} fxg6 25. Rg3 Bg7 26. Rxg6 $2 (26. Bxg6 $18 e5 27. Bxh5) 26... Rd7 $2 {[%mdl 8192]} (26... c4 $16 {is a better defense.}) 27. Bb5 Rf7 28. Re3 (28. Re5 $142 Nf6 29. Reg5) 28... Kf8 {[#]} 29. Reg3 $1 ({And not} 29. Qxh5 Qf4 $15) 29... e5 30. Qxh5 Be4 $2 {[#]} (30... Nf6 {is more resistant.} 31. Qxe5 Qxe5 32. Bxe5 Be4) 31. R6g4 $2 ({White should play} 31. Rxg7 $1 $18 {[%mdl 512]} Nxg7 32. Qh8+ Ke7 33. Qh4+ Kf8 34. Rg5) 31... Nf6 $17 32. Qh4 Nxg4 33. Qxg4 Bf5 (33... Rf4 $17 34. Qe2 Rd8) 34. Qf3 (34. Qh5 $15) 34... Rd8 35. h4 (35. h3 $142) 35... Bxc2 $19 36. Qe2 Bd1 (36... Bb3 $19 {and Black stays clearly on top. aiming for ...Rd1+.} 37. Rxg7 Rxg7 38. Bxe5 Qf7 39. Bxg7+ Qxg7 40. Qf3+ Bf7) 37. Qe1 $17 Qe7 {...Bh5 is the strong threat.} 38. Bxa5 Bc2 $2 (38... Rd4 $17 39. Bc3 Rd6) 39. Bxd8 $16 Qxd8 40. Qc3 $1 {[%csl LRc2,LRc5]} Qd1+ $2 (40... Bh7 $16) 41. Kh2 $18 Rc7 42. Bc4 $2 (42. Qc4 $18 e4 43. Qe6) 42... e4 $2 {[%mdl 8192] [#]} (42... Be4 $14) 43. Rxg7 $1 {[%mdl 512] White is clearly winning.} Rxg7 44. Qf6+ Ke8 45. Qxg7 {And now Bb5+ would win.} Qd6+ 46. Qg3 Qd4 47. Bb5+ Ke7 48. Qg5+ Ke6 49. Qh6+ Ke7 50. Qe3 Qe5+ 51. g3 Bd1 52. Qg5+ {Precision: White = 63%, Black = 22%.} 1-0